000 02375nam a2200289 a 4500
001
003 DO-SdBNP
005 20220404085549.0
008 090630s1989 dr c 001 0 spa d
040 _aDO-SdBNP
_bspa
_cBPMSU
082 _a332.12097293
_bM938p 1989
_222
100 1 _aMoya Pons, Frank,
_d1944-
245 1 0 _aPioneros de la banca dominicana :
_buna historia institucional del Banco Popular Dominicano y del Grupo Financiero Popular /
_cFrank Moya Pons.
260 _aSanto Domingo :
_bGrupo Financiero Popular,
_c1989.
300 _a406 p. :
_bretr. ;
_c23 cm.
500 _aIncluye referencias bibliográficas y notas al pie de las páginas.
500 _aIncluye índice
505 0 _tIntroducción --
_gCapítulo uno: Los orígenes del Banco Popular Dominicano 1954-1965 --
_tUna anéctoda necesaria ;
_tEl fin de la dictadura de Trujillo ;
_tLa Asociación para el Desarrollo, Inc. ;
_tLa Fundación del Banco Popular Dominicano ;
_tLas primeras operaciones del Banco Popular Dominicano --
_gCapítulo dos: El crecimiento del Banco Popular Dominicano 1965-1974 --
_tLa crisis económica y la guerra civil ;
_tEl nuevo escenario económico ;
_tLas operaciones del Banco Popular Dominicano ;
_tNuevos negocios del Banco Popular Dominicano ;
_tLos orígenes de la Tenedora Popular, S.A. ;
_gCapítulo tres: La consolidación de Banco Popular Dominicano 1975-1981 --
_tEl desarrollo de la Tenedora Popular, S.A. ;
_tIniciativas y negocios del Banco Popular Dominicano ;
_tTensiones de crecimiento y liquidez ;
_tCrisis interna en el Banco Popular Dominicano ;
_gCapítulo cuatro: Institucionalización del Grupo Financiero Popular 1979-1986 --
_tSupervivencia, crecimiento y escasez de divisas ;
_tLa internacionalización del Grupo Financiero Popular ;
_gEpílogo --
_gApéndice uno: Dos discurso institucionales --
_tEl Banco Popular Dominicano. 1971 --
_tEl Banco Popular Dominicano y el Grupo Financiero Popular. 1988 --
_gApéndice dos: Tablas y gráficos --
_gApéndice tres: Fotografías --
_gÍndice
590 _aInventariado, 2022/VM
610 1 0 _aBanco Popular Dominicano
_xHistoria
610 1 0 _aGrupo Financiero Popular
_xHistoria
650 4 _aBancos
_zRepública Dominicana
650 4 _aInstituciones financieras
_zRepública Dominicana
_xHistoria
_ySiglo XX
650 4 _aFinanzas
_zRepública Dominicana
_xHistoria
_ySiglo XX
910 _aVMateo
942 _2ddc
_cBK
999 _c14137
_d14137